[Event "RUS-Cup03 Geller Memorial"]
[Site "Moscow"]
[Date "1999.02.12"]
[Round "3"]
[White "Saulin, Dmitri"]
[Black "Kiriakov, Petr"]
[Result "1/2-1/2"]
[WhiteElo "2427"]
[BlackElo "2564"]
[Annotator "Finkel,A"]
[PlyCount "59"]
[EventDate "1999.02.10"]
[EventType "swiss"]
[EventRounds "9"]
[EventCountry "RUS"]
[SourceTitle "CBM 070"]
[Source "ChessBase"]
[SourceDate "1999.06.08"]
[SourceVersion "1"]
[SourceVersionDate "1999.06.08"]
[SourceQuality "1"]

{[%mdl 2752]} 1. e4 e6 2. d4 d5 3. Nc3 Nf6 4. Bg5 dxe4 5. Nxe4 Be7 6. Bxf6 gxf6
7. Nf3 f5 8. Nc3 Bf6 9. Qd2 c5 {Kiriakov is probably the best expert of this
variation: he plays it with consistansy deserving respect, but variation
itself remains dubious and this game shows some of the problems.} 10. d5 (10.
dxc5 Qxd2+ 11. Kxd2 $6 (11. Nxd2 $5 Ke7 12. O-O-O Bd7 13. Nb3 Bxc3 (13... a5
14. Nd4 Bxd4 (14... Rc8 15. Nxf5+ exf5 16. Nd5+ Ke6 17. Bc4 $40) (14... Bg5+ $5
15. Kb1 Rc8) 15. Rxd4 Nc6 (15... Rc8 16. Rh4 Rxc5 17. Rxh7 b5 18. Bd3 b4 19.
Ne2 $16) (15... Bc6 $5) 16. Rd2 Rac8 17. Be2 Ne5 18. Rhd1 Be8 (18... Rhd8 $32
19. f4 Ng6 20. g3 $16) 19. f4 $14 {Kusmin,G-Kiriakov,P;Russia,1995;1-0}) 14.
bxc3 a5 (14... Bc6 $5) 15. Bd3 a4 16. Nd4 Ra5 17. Kd2 $1 Rc8 18. Rb1 $14 {
Gaponenko,I-Kiriakov,P,1995;1-0}) 11... O-O 12. Rd1 Rd8+ 13. Kc1 Rxd1+ 14. Nxd1
Nd7 15. Bc4 (15. c6 $5 {Finkel,A}) 15... Nxc5 16. Re1 a6 $15 {Jakovenko,
D-Kiriakov,P/RUS-Cup01 Chigorin mem 1997 (59)}) 10... O-O (10... e5 11. h4 $5 (
11. O-O-O e4 $5 12. Qh6 a6 13. Re1 Qe7 14. Bd3 $6 Bxc3 15. bxc3 Nd7 $36 {
Loskutov,O-Belozerov,A/Moscow7 1995 (20)}) (11. Bb5+ Nd7 12. O-O O-O 13. Kh1 a6
14. Bxd7 Bxd7 15. Rad1 Kh8 16. Rfe1 e4 $36 {Ernst,T-Setterqvist,K/SWE-ch
Goteborg 1990}) 11... e4 12. Ng5 h6 13. Nh3 Bxh4 14. Qf4 Bf6 15. O-O-O Qe7 16.
Bb5+ $40 {Hoffmann,H-Broberg,H/Leipzig VfB op 1996 (44)}) (10... exd5 11. Qe3+
Be6 12. Qxc5 Nd7 13. Bb5 Rc8 14. Qe3 O-O (14... a6 15. Bxd7+ Qxd7 16. Nd4 Rg8
17. O-O Bxd4 18. Qxd4 $16 {Arnason,J-Skembris,S/Thessaloniki olm 1988 (31)})
15. O-O a6 16. Bxd7 Qxd7 17. Nd4 Qd6 18. Nce2 Kh8 19. Rad1 $14 {Arnason,
J-Bjarnason,S/Reykjavik 1989 (37)}) 11. O-O-O e5 (11... Bg7 12. Qe3 Qb6 13. Ne5
exd5 14. Nxd5 Qe6 15. f4 (15. Nc4 Bh6 16. f4 b5 17. Ne5 f6 18. Nc7 Qxe5 $8 $13
{Glek,I-Luther,T/BL9293 1993 (22)}) 15... Nd7 16. Nc4 Nf6 17. Nc7 Qxe3+ 18.
Nxe3 Rb8 19. Bd3 Ng4 $132 {Landenbergue,C-Luther,T/Ptuj zt 1995 (48)}) 12. Kb1
$5 (12. h4 Bg7 (12... Nd7 13. d6 Nb6 14. Ng5 (14. Qe3 e4 15. Ng5 Bd7 16. g4 Bd4
17. Rxd4 cxd4 18. Qxd4 $44 {Lau,R-Sakaev,K/Dortmund-C 1991 (56)}) 14... h6 15.
Nh3 Bg7 16. Qe3 Qxh4 17. g3 Qb4 18. a3 Qa5 $13 {Kutuzovic,B-Dizdar,G/CRO-chT
1994 (48)}) 13. d6 (13. Kb1 Nd7 14. Be2 b5 15. Qg5 Qa5 16. Nd2 c4 $13 {
Vujakovic,B-Dizdar,G/JUG-chT 1989 (25)}) 13... Be6 14. Ng5 Nc6 15. g4 Nd4 16.
gxf5 Bxf5 17. Bd3 $14 {Klovans,J-Dizdar,G/Groningen op 1991 (34)}) 12... Nd7
13. g4 $5 {Logical continuation opening up a file for the attack against black
king.} e4 $8 (13... fxg4 $6 14. Rg1 Nb6 (14... Bg7 15. Rxg4 f5 16. Rg1 e4 17.
Ng5 Nb6 18. d6 $5 $36) 15. h3 Bg7 16. hxg4 Qf6 17. Ng5 $1 $36) 14. Ng1 ({
Deserved attention also} 14. Ne1 $5 fxg4 15. Nxe4 Bg7 16. h3 f5 17. Ng5 Qf6 18.
c3 $14 {and white is slightly better.}) 14... fxg4 15. Nxe4 Bg7 16. h3 Qb6 17.
c3 (17. Nc3 $6 Ne5 18. hxg4 Bxg4 19. Re1 Rfe8 20. Bb5 Nd7 21. Be2 Bf5 $13 {
[%cal Gf5c2,Gg7b2]}) 17... Ne5 18. hxg4 Bxg4 19. Re1 (19. Be2 Bf5 20. f3 Rad8
21. Qf4 Bg6 22. Nh3 $13) 19... Rfe8 20. f4 Bf3 (20... Nf3 $5 21. Nxf3 Bxf3 22.
Bg2 Bg4 $1 23. Ka1 $14) 21. Rh3 Bxe4+ (21... Nc4 22. Bxc4 Bxe4+ 23. Ka1 (23.
Bd3 Bxd3+ 24. Rxd3 Rxe1+ 25. Qxe1 Qg6 26. Qf1 Re8 $36) 23... Rad8 24. Rhe3 Qg6
25. Nf3 $14) 22. Rxe4 Nc4 $6 {Serious mistake giving white exellent chanses to
win the game.} (22... Qg6 $5) 23. Rxe8+ $1 (23. Rxc4 Qg6+ 24. Bd3 Qxg1+ 25. Kc2
$14) 23... Rxe8 24. Bxc4 Qg6+ 25. Bd3 Qxg1+ 26. Kc2 Re1 27. Bxh7+ $6 ({Missing
very good chanse to decide the game:} 27. d6 $1 Ra1 (27... Rd1 $1 28. Qe2 $1 (
28. Qxd1) 28... Rc1+ 29. Kb3 c4+ 30. Bxc4 Qb6+ 31. Ka4 Qc6+ (31... Qxd6 $2 32.
Qe8+ Qf8 33. Bxf7+ Kh8 34. Qe4 b5+ 35. Kxb5 h6 36. Bc4 $18) 32. Bb5 Qxd6 33.
Qe8+ Qf8 34. Qe4 h6 35. Qxb7 $18) 28. Kb3 Rd1 29. Qe2 Qe1 30. Qg4 $18) 27...
Kf8 28. d6 $2 {Now this move is mistake.Better was} (28. Bd3 Rc1+ (28... Ra1
29. Kb3 Rd1 30. Qe2 Re1 31. Qf3 $16) 29. Qxc1 Qg2+ 30. Qd2 Qxh3 31. d6 $16 {
keeping some winning chanses.}) 28... Ra1 $11 {[%csl Rc2][%cal Gg1b1]} 29. Kb3
Rd1 30. Qe3 1/2-1/2

[Event "USA-ch"]
[Site "Seattle"]
[Date "2000.10.05"]
[Round "10"]
[White "Benjamin, Joel"]
[Black "Seirawan, Yasser"]
[Result "1-0"]
[WhiteElo "2577"]
[BlackElo "2647"]
[Annotator "Finkel,A"]
[PlyCount "145"]
[EventDate "2000.09.25"]
[EventType "tourn"]
[EventRounds "11"]
[EventCountry "USA"]
[EventCategory "14"]
[SourceTitle "CBM 080"]
[Source "ChessBase"]
[SourceDate "2001.01.25"]
[SourceVersion "1"]
[SourceVersionDate "2001.01.25"]
[SourceQuality "1"]

1. e4 e6 2. d4 d5 3. Nd2 dxe4 4. Nxe4 Nd7 5. Nf3 Ngf6 6. Nxf6+ Nxf6 7. Bg5 c5
8. Bb5+ Bd7 9. Bxd7+ Qxd7 10. Qe2 (10. Bxf6 gxf6 11. O-O cxd4 12. Qxd4 Qxd4 13.
Nxd4 Bc5 14. Rad1 Rd8 15. Nb3 Bb6 {Ghinda-Luther, Ikaria, 1993}) 10... O-O-O {
A new plan in this well-known position.} (10... Be7 11. O-O-O (11. dxc5 $5 O-O
(11... Bxc5 $6 12. Ne5 Qa4 (12... Qd5 $2 13. Rd1 $1 Qxg2 14. Qb5+ Kf8 15. Qxc5+
Kg8 16. Qe7 $1 {[%csl Rf7,Rg8]} Rf8 17. Rd8 Qxh1+ 18. Ke2 Qe4+ 19. Kd2 $18) 13.
O-O O-O (13... Ne4 $2 14. b3 $18) (13... Nd5 14. c4 Nb6 15. b3 Qa3 16. Qf3 O-O
17. Qxb7 $16) 14. Bxf6 gxf6 15. Qf3 $1 $16 {Hracek,Z-Slobodjan,R/MK Cafe Cup
Open A 1999}) 12. Ne5 Qd5 13. O-O Bxc5 14. Rfe1 (14. Rad1 Qe4) 14... Nd7 (14...
Rfd8 $2 15. Rad1 Qxa2 16. Bxf6 gxf6 17. Qg4+ Kf8 18. Nd7+ $18) (14... Bd6 $2
15. Bxf6 gxf6 16. Qg4+ Kh8 17. Rad1 $18) (14... Bd4 $5 15. Rad1 Qxe5 $14) 15.
Nf3 $14 {Leko,P-Kortschnoj,V/Corus 2000}) 11... O-O 12. Kb1 (12. dxc5 Qa4 $5 (
12... Qc7 $6 13. Ne5 Qxc5 14. Bxf6 $1 Bxf6 15. Nd7 Qg5+ 16. Kb1 Rfc8 17. h4 $36
{Fercec,N-Tukmakov,V/Open, Zadar CRO 1997 (23)}) (12... Qc7 {Rogozenko}) 13.
Kb1 Rfd8 $13 (13... Bxc5 14. Bxf6 gxf6 15. Ne1 $5 (15. Rd3 Rfd8 16. Rhd1 Rxd3
17. Rxd3 Qg4 18. g3 Bb6 19. Qd2 Qf5 20. a3 Rc8 $13 {Hernandez,G-Kortschnoj,V/
Merida m 1996/0-1 (53)}) 15... Rfd8 16. Nd3 Bf8 17. f4 Rd5 18. Rhf1 Rad8 19.
Rf3 $5 f5 20. h3 $14 {Leko,P-Kortschnoj,V/Vienna 1996 (24)}) (13... Rad8 14.
Ne5 h6 15. Bxf6 Bxf6 16. f3 $5 Rd4 17. Rxd4 Qxd4 18. Nd3 Rd8 19. Re1 $14 {
Dolmatov,S-Gurevich,M/BL 1992/1-0 (73)})) (12. Rhe1 $5 Rfd8 $5 (12... Qa4 13.
Kb1 Rfd8 14. dxc5 Bxc5 15. Rxd8+ Rxd8 16. Ne5 Be7 17. f3 h6 18. Bc1 Nd5 $11 {
Van der Wiel,J-Van der Sterren,P/ch-NED 2000}) 13. d5 $6 Nxd5 14. Rxd5 (14. c4
Bxg5+ 15. Nxg5 Qe7 $17) 14... Qxd5 15. Bxe7 Qxa2 16. Bxd8 Qa1+ 17. Kd2 Rxd8+
18. Ke3 Qxb2 $15) 12... Qc7 13. d5 $5 {[%cal Ge2e7,Gg5e7]} (13. dxc5 Qxc5 14.
Ne5 Rfd8 15. Bxf6 Bxf6 16. Nd7 $14 {Timman,J-Korchnoi,V/Luzern 1989 (26)})
13... exd5 $1 (13... Nxd5 14. Rxd5 $1 exd5 15. Qxe7 Qxe7 16. Bxe7 Rfc8 17. c3
$14) 14. Rhe1 Bd8 15. Bxf6 Bxf6 16. Rxd5 $11 {Nisipeanu,L-Rogozenko,D/
Ciocaltea mem 1998}) (10... cxd4 11. O-O-O Bc5 (11... Be7 12. Rxd4 Qc7 $6 13.
Qb5+ Qc6 14. Qxc6+ bxc6 15. Rc4 c5 16. Bxf6 gxf6 17. Rd1 $16 {
Mikhalchishin-Chernin/Cienfuegos/1981}) 12. Qe5 $1 $16 (12. Kb1 Qa4 13. Qe5 Rc8
14. Bxf6 gxf6 15. Qxf6 Qxc2+ 16. Ka1 O-O 17. Ne5 $16 {Sturua,Z-Gretarsson,H/
Elista olm 1998})) (10... Rc8 11. O-O-O c4 12. d5 $5 Nxd5 13. Ne5 Qd6 14. Rxd5
Qxd5 15. Rd1 Qxg2 16. Qd2 $44 {Damjanovic,V-Cosma,I/Belgrade Minex 1995}) 11.
Rd1 Qc7 12. O-O cxd4 (12... a6 $5 13. c4 cxd4 14. Nxd4 Bc5 15. Nb3 Bd6 16. h3
h6 $11) 13. Nxd4 a6 $2 {Strangely enough this natural move is the losing one.}
(13... Bc5 14. Nb5 Qb6 15. b4 Bxb4 16. Be3 Bc5 17. Qc4 $16 {[%cal Gc4c8]}) 14.
Nxe6 $1 fxe6 (14... Re8 $2 15. Rd8+ $1 (15. Nxc7 $2 Rxe2 16. Bxf6 gxf6 (16...
Kxc7 17. Bd8+ Kc6 (17... Kc8 18. Bb6 Be7 19. Rfe1 $16) 18. Rfe1 Rxc2 19. Re8
Rxb2 20. a4 b5 21. axb5+ axb5 22. Be7 Bxe7 23. Rxh8 Bc5 $44)) 15... Qxd8 16.
Qc4+ $1 $18) (14... Rxd1 15. Nxc7 $18) 15. Qxe6+ Rd7 (15... Kb8 16. Bf4 $1 Qxf4
17. Rxd8+ Ka7 18. g3 (18. Qe3+ Qxe3 19. fxe3 $16) 18... Qc7 19. Rfd1 $16) 16.
Bxf6 gxf6 17. Rd4 $1 {This strong move decides the game in white's favour.} Bc5
(17... Be7 18. Rc4 Bc5 19. b4 $18) 18. Rc4 Kb8 (18... a5 19. c3) 19. Rxc5 Qxc5
20. Qxd7 Qxc2 21. Qd6+ Ka8 22. Qxf6 $18 {White is two pawns up and the rest is
the matter of technique.The fact that the game lasted 50 more moves shouldn't
be misleading.} Rc8 23. h3 Rc6 24. Qd4 Rc4 25. Qh8+ Rc8 26. Qe5 Rc5 27. Qe3 Rc8
28. Qb3 Qe2 (28... Qxb3 29. axb3 Rc2 30. f4 Rxb2 31. f5 $18) 29. a4 h5 30. Qb4
Rc4 31. Qf8+ Ka7 32. b3 Rc3 33. Qb4 Qd3 34. Re1 Qd2 (34... Rxb3 $4 35. Qc5+ Kb8
36. Re8+ $18) 35. Rf1 Qd3 36. h4 Rxb3 37. Qc5+ Ka8 38. Qc8+ Ka7 39. Qc5+ Ka8
40. Qxh5 Qe4 41. Rd1 Rb1 42. g3 b5 43. axb5 axb5 44. Kh2 Rxd1 45. Qxd1 Kb7 46.
h5 Kc6 47. h6 (47. Qh1 $5 Qxh1+ 48. Kxh1 b4 49. h6 b3 50. h7 b2 51. h8=Q $18)
47... b4 48. Qh5 Qh7 49. Kg2 Kb6 50. Qg4 Ka5 51. Qg7 Qe4+ 52. Kh2 Qf3 53. Qa7+
Kb5 54. h7 Qh5+ 55. Kg2 Qd5+ 56. Kg1 Qd1+ 57. Kh2 Qh5+ 58. Kg1 Qd1+ 59. Kg2
Qd5+ 60. f3 Qd2+ 61. Qf2 Qh6 62. Qe2+ Kb6 63. Qd3 Kc5 64. g4 Qg7 65. Qf5+ Kd6
66. g5 b3 67. Qf6+ Qxf6 68. gxf6 b2 69. f7 b1=Q 70. f8=Q+ Kc6 71. Qf6+ Kd5 72.
Qg5+ Ke6 73. h8=Q 1-0

[Event "SCG-ch 1st"]
[Site "Kopaonik"]
[Date "2005.04.12"]
[Round "10"]
[White "Djukic, Nikola"]
[Black "Kovacevic, Aleksandar"]
[Result "1-0"]
[WhiteElo "2509"]
[BlackElo "2550"]
[Annotator "Finkel,A"]
[PlyCount "103"]
[EventDate "2005.04.02"]
[EventType "tourn"]
[EventRounds "13"]
[EventCountry "YUG"]
[EventCategory "11"]
[SourceTitle "CBM 107"]
[Source "ChessBase"]
[SourceDate "2005.08.01"]
[SourceVersion "1"]
[SourceVersionDate "2005.08.01"]
[SourceQuality "1"]

1. e4 e6 2. d4 d5 3. Nc3 Nf6 4. Bg5 dxe4 5. Nxe4 Be7 6. Bxf6 Bxf6 7. Nf3 Nd7 8.
Qd2 O-O 9. O-O-O Be7 10. Bd3 b6 (10... c5) 11. h4 Bb7 12. Qf4 {This move is
justly considered to be not dangerous for Black. Despite of the final result
this game doesn't really change the verdict.} (12. c3 c5 13. Neg5 $5 (13. dxc5
Qc7 $5 14. Qc2 (14. Neg5 Nf6 15. Qe2 Qf4+ $1 16. Kb1 Bxc5 17. g3 Bxf3 18. Nxf3
Qc7 19. Rhe1 $14) 14... h6 15. cxb6 axb6 16. Kb1 Ra5 17. Ned2 Rfa8 18. a3 Nc5
$44 {Solozhenkin,E-Dizdar,G/Paris 1996}) 13... h6 (13... Nf6 14. Qc2 g6 15. h5
$1 Nxh5 $5 16. Nxe6 $1 $36 {Ivanchuk,V-Radjabov,T/Moscow 2002}) 14. Bh7+ Kh8
15. Bc2 Bxf3 16. Nxf3 Nf6 17. Kb1 Qc7 18. Qe2 cxd4 19. Nxd4 h5 $11 {Anand,
V-Bareev,E/Monte Carlo 2003}) (12. Neg5 $5 Nf6 13. c3 Bxf3 14. gxf3 c5 15. dxc5
Qc7 16. Kb1 bxc5 17. Rdg1 Rfd8 $132 {Anand,V-Bareev,E/2004}) 12... Nf6 13. Neg5
Bxf3 (13... Qd6 14. Ne5 Rad8 (14... a5 $6 15. Rh3 Ba6 16. Bxh7+ $1 Nxh7 17.
Ngxf7 Qxe5 18. Nh6+ gxh6 19. Qxe5 Bd6 20. Rg3+ {1-0 Arakhamia Grant,K-Reefat,B/
Edinburgh 2003}) 15. Rh3 (15. Kb1 h6 (15... a5 16. Qg3 c5 17. f4 cxd4 18. Ng4
Nh5 19. Bxh7+ Kh8 20. Qh2 Qxf4 $19 {Nuber,R-Hausdorf,H/Germany 1996}) 16. f3 c5
17. dxc5 Qxc5 18. Qg3 Bd6 19. f4 $13 {Roussel Roozmon,T-Sharavdorj,D/Berkley
2005}) 15... c5 (15... h6 16. g4 $5 c5 17. Ngxf7 $1 Qxd4 18. Qxd4 Rxd4 19. g5
$16 {Guliev,L-Gouliev,N/Baku 2001}) (15... g6 $5) 16. dxc5 (16. Rg3 $6 Qxd4 17.
Bxh7+ Nxh7 18. Rxd4 Rxd4 19. Qe3 Nxg5 20. hxg5 Re4 21. Qc3 Bd6 $17 {Sax,
G-Ehlvest,J/Rotterdam 1989}) 16... Qxc5 17. Rg3 g6 18. Nxe6 fxe6 19. Bxg6 Rxd1+
20. Kxd1 Kh8 21. Bd3 $18 {[%cal Gf4h6] Peli,G-Rubinchik,L/ICCF corr 1991}) (
13... Bd6 14. Ne5 Qe7 15. Rh3 c5 16. h5 $6 cxd4 17. Rg3 Rad8 18. Rh1 Bxe5 19.
Qxe5 Qd6 $19 {Schwarz,H-Fiedler,N/DDR 1987}) (13... h6 14. Kb1 $5 (14. Ne4 Nxe4
15. Bxe4 Bxe4 16. Qxe4 Qd5 17. Qxd5 exd5 18. Ne5 Rfe8 $11 {Landenbergue,
C-Arnold,L/Freiburg 1993}) 14... Bxf3 15. gxf3 Nd5 16. Qg3 Bxg5 17. hxg5 Qxg5
18. Qxg5 hxg5 19. Bh7+ Kh8 20. c4 Nf4 21. Be4+ Kg8 22. Bxa8 Rxa8 23. Kc2 $14 {
Luco,A-Fournier,T/Le Touquet 1992}) 14. Nxf3 Qd6 (14... Bd6 15. Ne5 c5 16. g4
Qc7 17. g5 Nd5 18. Qe4 f5 19. gxf6 Nxf6 20. Qe2 cxd4 $15 {Phillips,G-Guido,A/
Argentina 1997}) 15. Ne5 c5 (15... Nd5 16. Qe4 Nf6 17. Qe2 c6 18. g4 Rac8 19.
g5 Nd5 20. Rdg1 $36 {Voigt,M-Peters,C/Hamburg 1992}) 16. g4 $5 {An attempt to
gain a tempo for the attack at the cost of the pawn is hardly justified, but
in the game Black didn't succeed to find the best way and found himself in
trouble.} (16. dxc5 Qxc5 17. Rhe1 (17. g4 Bd6 18. Rhe1 Nd5 19. Qe4 Nf6 20. Qf4
Nd5 21. Qe4 Nf6 22. Qf4 {1/2-1/2 Agopov,M-Blauert,J/Helsinki 2001}) 17... Rac8
(17... Rad8 18. Qf3 Rd5 19. Qe2 b5 20. f4 a6 21. g3 g6 22. Kb1 Rfd8 $13 {
Minasian,A-Tukmakov,V/Lvov 1990}) (17... Bd6 18. Qg3 Rac8 19. f4 Rfd8 20. Qf3
Rc7 21. Kb1 a5 22. c4 Rcc8 $13 {Jensen,I-Boel,V/Denmark 1989}) 18. Kb1 (18. g4
Rfd8 19. Qf3 Bd6 20. Nc4 b5 21. Nxd6 Rxd6 22. Re2 Nd5 $132 {Zelic,M-Dizdar,G/
Zadar 1996}) 18... Rfd8 19. g4 Bd6 20. g5 Bxe5 21. Qxe5 Qxe5 {1/2-1/2 Nunn,
J-Gurevich,M/Belgrade 1991}) 16... cxd4 17. g5 Nh5 18. Qe4 g6 ({The advance of
the f-pawn is always an option:} 18... f5 $5 19. gxf6 Nxf6 20. Qe2 Rac8 21. Nf3
(21. Kb1 Rc5 22. f4 Nd5 23. Qh5 Nf6 24. Qe2 $11) 21... Nd5 22. Ng5 Nf4 23.
Bxh7+ Kh8 24. Qg4 $13) 19. Be2 f6 ({Once again f5 also deserved attention:} 
19... f5 20. Qxd4 Qxd4 21. Rxd4 Bc5 22. Rd2 Nf4 23. Bc4 Rfd8 $132) 20. Nc6 Rac8
21. Nxe7+ Qxe7 22. Bxh5 gxh5 23. g6 $6 {This one isn't enough for advantage so}
({deserved attention} 23. Rhg1 $5) 23... f5 $6 (23... e5 24. Rxd4 hxg6 25.
Qxg6+ Qg7 26. Qxg7+ Kxg7 27. Rg1+ Kh6 28. Rd7 Rg8 $11) 24. gxh7+ Kxh7 (24...
Kh8 25. Qxd4+ Kxh7 26. Rdg1 $16 {[%cal Gg1g5]}) 25. Qe2 Qf7 26. Rdg1 $6 (26.
Rxd4 $5) 26... Rg8 (26... Rc5 27. Rg5 Rfc8 28. Rxh5+ Kg8 29. Rg1+ Kf8 30. Rh8+
Ke7 31. Rxc8 Rxc8 32. Qe5 $16) 27. Rg5 Rxg5 28. hxg5 Kg8 29. Kb1 Rc5 $2 {
Missing the last opportunity to equalize with} (29... f4 $1 30. Rxh5 (30. Qf3
$6 Qg6) 30... f3 31. Qe4 Qxh5 32. Qxe6+ Kg7 $11) 30. f4 $1 $16 {Now black is
in trouble.} e5 31. fxe5 Qc4 32. Qd1 $1 {[%csl Gd3]} (32. Qh2 d3 $11) 32... Kf8
33. g6 Rc6 34. a3 Rxg6 35. Qxh5 Qe6 36. Rf1 Kg7 37. Rh1 Kf8 38. Kc1 Rg7 39. Rf1
Rf7 40. Qh8+ Ke7 41. Kb1 Qd5 (41... f4 $5 42. Qh4+ Ke8 43. Rxf4 Rxf4 44. Qxf4
Qd5 45. Kc1 $16) 42. Re1 d3 (42... Qe6) 43. cxd3 Qxd3+ 44. Ka1 Qd2 (44... f4
45. e6 Qd2 46. Qe5 $18) 45. Qh1 $1 $18 f4 46. Rd1 Qe3 47. Qd5 Qc5 48. Qd7+ Kf8
49. Qd8+ Kg7 50. Qg5+ Kh8 51. Rh1+ Rh7 52. Qd8+ 1-0

[Event "Zug Young Masters"]
[Site "Zug"]
[Date "2001.10.09"]
[Round "1"]
[White "Fressinet, Laurent"]
[Black "Moor, Olivier"]
[Result "1-0"]
[WhiteElo "2606"]
[BlackElo "2357"]
[Annotator "Finkel,A"]
[PlyCount "81"]
[EventDate "2001.10.09"]
[EventType "tourn"]
[EventRounds "11"]
[EventCountry "SUI"]
[EventCategory "9"]
[SourceTitle "CBM 086"]
[Source "ChessBase"]
[SourceDate "2002.02.05"]
[SourceVersion "1"]
[SourceVersionDate "2002.02.05"]
[SourceQuality "1"]

1. e4 e6 2. d4 d5 3. Nc3 Nf6 4. Bg5 dxe4 5. Nxe4 Be7 6. Bxf6 gxf6 7. Nf3 f5 {
After this move the character of the game becomes quiete different from the
main line.Sharp tactical struggle-that's the discription of arising variation.}
8. Nc3 Bf6 9. Qd2 c5 10. d5 (10. dxc5 Qxd2+ 11. Kxd2 $6 O-O 12. Rd1 Rd8+ 13.
Kc1 Rxd1+ 14. Nxd1 Nd7 15. Bc4 Nxc5 16. Re1 a6 $15 {Jakovenko,D-Kiriakov,P/
RUS-Cup01 Chigorin mem 1997 (59)}) 10... O-O (10... exd5 11. Qe3+ Be6 12. Qxc5
Nd7 13. Bb5 Rc8 14. Qe3 O-O (14... a6 15. Bxd7+ Qxd7 16. Nd4 Rg8 17. O-O Bxd4
18. Qxd4 $16 {Arnason,J-Skembris,S/Thessaloniki olm 1988 (31)}) 15. O-O a6 16.
Bxd7 Qxd7 17. Nd4 Qd6 18. Nce2 Kh8 19. Rad1 $14 {Arnason,J-Bjarnason,S/
Reykjavik 1989 (37)}) (10... e5 11. O-O-O (11. Bb5+ Nd7 12. O-O O-O 13. Kh1 a6
14. Bxd7 Bxd7 15. Rad1 Kh8 16. Rfe1 e4 $36 {Ernst,T-Setterqvist,K/SWE-ch
Goteborg 1990}) (11. h4 e4 12. Ng5 h6 13. Nh3 Bxh4 14. Qf4 Bf6 15. O-O-O Qe7
16. Bb5+ $40 {Hoffmann,H-Broberg,H/Leipzig VfB op 1996 (44)}) 11... e4 $5 12.
Qh6 a6 13. Re1 Qe7 14. Bd3 $6 Bxc3 15. bxc3 Nd7 $36 {Loskutov,O-Belozerov,A/
Moscow7 1995 (20)}) 11. O-O-O e5 (11... Bg7 12. Qe3 Qb6 13. Ne5 exd5 14. Nxd5
Qe6 15. f4 (15. Nc4 Bh6 16. f4 b5 17. Ne5 f6 18. Nc7 Qxe5 $8 $13 {Glek,
I-Luther,T/BL9293 1993 (22)}) 15... Nd7 16. Nc4 Nf6 17. Nc7 Qxe3+ 18. Nxe3 Rb8
19. Bd3 Ng4 $132 {Landenbergue,C-Luther,T/Ptuj zt 1995 (48)}) 12. h4 (12. Kb1
Nd7 13. g4 e4 (13... fxg4 $6 14. Rg1 Nb6 15. h3 Bg7 16. hxg4 Qf6 17. Ng5 $1 $36
) 14. Ng1 ({Deserved attention also} 14. Ne1 $5 fxg4 15. Nxe4 Bg7 16. h3 f5 17.
Ng5 Qf6 18. c3 $14 {and white is slightly better.}) 14... fxg4 15. Nxe4 Bg7 16.
h3 $13 {Saulin,D-Kiriakov,P/RUS-Cup03 (Geller mem) 1999 (29)}) 12... Bg7 (12...
Nd7 13. d6 (13. Ng5 h6 14. Nh3 Bg7 15. f3 Qa5 16. Kb1 Rb8 $6 (16... Nf6) 17. g4
$1 $36 {[%csl Ge4] Giaccio,A-Pereyra Arcija,D/Buenos Aires 2000}) 13... Nb6 14.
Ng5 (14. Qe3 e4 15. Ng5 Bd7 (15... Bd4 $6 16. Qg3 Kh8 17. Nb5 $16) 16. g4 (16.
f4 $5) 16... Bd4 17. Rxd4 cxd4 18. Qxd4 $44 {Lau,R-Sakaev,K/Dortmund-C 1991 
(56)}) 14... h6 (14... Bg7 15. Qe3 h6 16. Nf3 Qf6 17. Qxc5 Rd8 (17... Qd8 18.
Nb5 Bd7 19. Nd2 {1/2-1/2 Blehm,P-Herraiz Lopez,H/World Junior Ch 1998}) 18. Bb5
e4 19. Nd2 Rxd6 $15 {Kamble,V-Herraiz Lopez,H/World Junior Ch 1998}) 15. Nh3
Bg7 16. Qe3 Qxh4 17. g3 Qb4 18. a3 Qa5 $13 {Kutuzovic,B-Dizdar,G/CRO-chT 1994 
(48)}) (12... a6 13. Qe3 Qd6 14. g4 e4 15. Nd2 Bd4 16. Qg5+ Qg6 17. gxf5 Qxg5
18. hxg5 $16 {Sivokho,S-Tuturin,S/White Nights op 2000}) 13. Kb1 (13. d6 $5 e4
$5 (13... Be6 $6 14. Ng5 Nc6 15. g4 Nd4 16. gxf5 Bxf5 17. Bd3 $14 {Klovans,
J-Dizdar,G/Groningen op 1991 (34)}) 14. Ng5 Nd7 15. f3 h6 16. Nd5 $5 Re8 17.
Nxf7 $5 $36 {Vokarev,S-Kiriakov,P/Moscow 1999/CBM 70}) 13... Nd7 14. d6 {
This move is the novelty, and as shows the following game not such bad one!} (
14. Be2 b5 15. Qg5 Qa5 16. Nd2 c4 $13 {Vujakovic,B-Dizdar,G/JUG-chT 1989})
14... Nb6 15. Qe3 Bd7 16. Qxc5 (16. Nxe5 $2 Re8 17. f4 f6 $19) 16... Qf6 17.
Qa5 $1 {[%csl Ra7] Usefull profilactics against Rac8.} (17. Be2 $5 Rfd8 18. g3
Bc6 19. Rhe1 Nc8 20. d7 Nb6 $132) 17... e4 18. Nd4 (18. Ng5 $6 {[%csl Rg5]}
Rfd8 19. Be2 h6 20. Nh3 Bc6 $13) 18... Qxd6 19. Bb5 $1 {Very strong move
promising white significient advantage in the endgame.} (19. Nxf5 $2 Bxc3 $19 {
[%csl Rd1]}) 19... Bxd4 20. Bxd7 Nxd7 (20... Qf6 $6 21. Qxf5 $5 (21. Bxf5 Nc4
$1 (21... Bxc3 22. bxc3 Nc4 23. Qb4 Qxf5 24. Qxc4 Rac8 25. Qd4 $16) 22. Qb4 $1
(22. Qd5 $6 Bxc3 23. Qxc4 Bxb2 24. Qxe4 Bc3 $36) 22... Bxc3 23. Qxc3 Qxc3 24.
bxc3 e3 25. Bd3 $16) 21... Bxc3 (21... Nxd7 22. Qxf6 Bxf6 23. Rxd7 Bxc3 24.
bxc3 Rfd8 25. Rxb7 Rd2 26. Rf1 $16) 22. bxc3 Nxd7 23. Qxd7 $14) (20... Qxd7 $5
21. Ne2 Nc4 22. Qb4 Rac8 23. Rxd4 Qc6 $14) 21. Qa4 {[%cal Gd1d6]} Nc5 22. Qxd4
Qxd4 23. Rxd4 Rfd8 24. Rhd1 Rxd4 25. Rxd4 $14 Re8 26. Nd5 $1 {Preventing black
from playing e3, which would give black good drawing chanses.} (26. Rd5 e3 $1
27. fxe3 Rxe3 28. Kc1 Ne4 29. Nxe4 Rxe4 (29... fxe4 30. Rg5+ Kf8 31. Kd2 $18 {
[%csl Re3]}) 30. Rd7 Rxh4 31. Rxb7 Rg4 32. Rxa7 Rxg2 $14) 26... Re5 27. g3 Kg7
28. Ne3 Kf6 (28... Kg6 29. b4 Ne6 30. Rd7 Rb5 31. a3 f4 32. gxf4 Nxf4 33. c4
$16 {[%csl Ra7,Rb7]}) 29. b4 Na6 30. a3 Ke7 31. Nd5+ $16 {[%csl Ra6]
Restricting black knight even more.} Kf8 (31... Ke6 32. c4 Nb8 33. Kc2 Nc6 34.
Rd2 $16 {[%csl Re5]}) 32. Kb2 Nb8 33. Ne3 $1 Ke7 34. c4 Nd7 35. Kc3 Nf6 36. c5
f4 $6 37. gxf4 Rh5 38. Rd6 $1 $18 Ne8 (38... b6 39. Kd4 bxc5+ 40. bxc5 $18) 39.
Nd5+ Kf8 40. Rd8 Rxh4 41. Rb8 1-0